00568nam a2200193Ia 4500003000400000005001700004008004100021040000700062041000800069082001600077100001800093245004600111260002600157300000900183650002000192942001300212999001900225952013000244OSt20260525124449.0250729s2019 xx 000 0 und d cAL aeng a420.25 NCEB aNCERT9231171 aBeehive text book in english for class IX aNewdelhibNCERTc2019 a145p aEnglish9231172 2ddccBED c239148d239148 00104070aALbALd2025-07-29eManagement Booksg75.00l0o420.25 NCEBpBED04467r2025-07-29 16:57:18v75.00w2025-07-29yBK